Anatomy & Physiology (Record no. 516)

MARC details
000 -LEADER
fixed length control field 01139cam a22003014a 4500
001 - CONTROL NUMBER
control field 12861041
003 - CONTROL NUMBER IDENTIFIER
control field OSt
005 - DATE AND TIME OF LATEST TRANSACTION
control field 20210215144831.0
008 - FIXED-LENGTH DATA ELEMENTS--GENERAL INFORMATION
fixed length control field 020719s2003 moua 001 0 eng
010 ## - LIBRARY OF CONGRESS CONTROL NUMBER
LC control number 2002029507
020 ## - INTERNATIONAL STANDARD BOOK NUMBER
International Standard Book Number 0323016286
040 ## - CATALOGING SOURCE
Original cataloging agency DLC
Transcribing agency DLC
Modifying agency DLC
042 ## - AUTHENTICATION CODE
Authentication code pcc
050 00 - LIBRARY OF CONGRESS CALL NUMBER
Classification number QP34.5
Item number .T49 2003
082 00 - DEWEY DECIMAL CLASSIFICATION NUMBER
Classification number QS 4 T240 2003
Edition number 21
100 1# - MAIN ENTRY--PERSONAL NAME
Personal name Thibodeau, Gary A.; Patton, Kevin T.
Dates associated with a name 1938-
9 (RLIN) 1333
245 10 - TITLE STATEMENT
Title Anatomy & Physiology
250 ## - EDITION STATEMENT
Edition statement 5th ed.
260 ## - PUBLICATION, DISTRIBUTION, ETC. (IMPRINT)
Place of publication, distribution, etc. St. Louis, Mo. :
Name of publisher, distributor, etc. Mosby,
Date of publication, distribution, etc. c2003.
300 ## - PHYSICAL DESCRIPTION
Extent xxix, 1106 p. :
Other physical details ill. (some col.) ;
Dimensions 29 cm. +
Accompanying material 1 CD-ROM (4 3/4 in.)
500 ## - GENERAL NOTE
General note Includes index.
538 ## - SYSTEM DETAILS NOTE
System details note a Systems requirement for accompanying CD-ROM: Windows 95, Pentium megahertz processor, 16M RAM, 16-bit color, 2x CD. Recommended: Windows 95, 98, NT 4.0, 2000, or XP; Pentium 2 processor, 64Mb RAM, 16x CD, 17" monitor.
650 #0 - SUBJECT ADDED ENTRY--TOPICAL TERM
Topical term or geographic name as entry element Physiology.
9 (RLIN) 133
650 #0 - SUBJECT ADDED ENTRY--TOPICAL TERM
Topical term or geographic name as entry element Anatomy.
9 (RLIN) 134
906 ## - LOCAL DATA ELEMENT F, LDF (RLIN)
a 7
b cbc
c orignew
d 1
e ocip
f 20
g y-gencatlg
942 ## - ADDED ENTRY ELEMENTS (KOHA)
Source of classification or shelving scheme Other/Generic Classification Scheme
Koha item type Short Loan
Holdings
Withdrawn status Lost status Source of classification or shelving scheme Damaged status Not for loan Home library Current library Date acquired Source of acquisition Inventory number Total Checkouts Full call number Barcode Date last seen Koha item type
    Other/Generic Classification Scheme     MUST Main Library MUST Main Library 25/09/2014 Purchase 04/22551   QS4 T240 2003 2014-2978 25/09/2014 Short Loan
    Other/Generic Classification Scheme     MUST Main Library MUST Main Library 25/09/2014 Purchase 04/22552   QS4 T240 2003 2014-2979 25/09/2014 Short Loan